00896nam a2200229 a 450000100100000000500170001000800410002702000180006804000250008608200150011110000370012624500980016326000370026130000280029849000230032650000760034950000460042570000350047183000300050695201130053699900170064900003391920200930070626.0110914s2008 cl a 000 0 spa d a9789583005701 aDO-SdBNPbspacBNPHU axxxxbxxxx1 aEspaña, Gonzalo,c1945-95936010aRelatos de la conquista de América /cGonzalo España ; ilustraciones de Jorge A. Ávila. aBogotá :bPanamericana,c2008. a147 p. :bil. ;c21 cm.1 aLiteratura Juvenil aIncluye datos biográficos del autor en la solapa de la contracubierta aLa biblitoeca posee la 7ma. reimpresión1 aA. Ávila, Jorge,eil.959361 0aLiteratura juvenil959362 001050718MOaGRbGRcHDd2011-09-14iLF1l0oxxxx xxxxp33919-10r2020-06-25w2020-06-25y1ZNo se presta c33410d33410